[Event "Belgrade-chT Quality"]
[Site "Belgrade"]
[Date "2015.10.11"]
[Round "4"]
[White "Andrejic, Goran"]
[Black "Bakovic, Nebojsa"]
[Result "1-0"]
[WhiteElo "2215"]
[BlackElo "2127"]
[PlyCount "65"]
[EventDate "2015.10.03"]
[EventType "team-tourn"]
[EventRounds "11"]
[EventCountry "SRB"]
[SourceTitle "EXT 2018"]
[Source "ChessBase"]
[SourceDate "2017.10.13"]
[SourceVersion "1"]
[SourceVersionDate "2017.10.13"]
[SourceQuality "1"]

1. c4 Nf6 2. Nc3 d6 3. g3 g6 4. Bg2 Bg7 5. e4 c5 6. Nge2 Nc6 7. h3 0-0 8. 0-0 Bd7 9. d3 Nd4 10. f4 e5 11. Be3 a6 12. Qd2 b5 13. fxe5 dxe5 14. Bg5 Ne6 15. Bh4 h6 16. g4 g5 17. Bf2 Bc6 18. Nd5 Qd6 19. Ng3 Bxd5 20. Nf5 Qb6 21. exd5 Nd4 22. Bxd4 cxd4 23. b4 bxc4 24. dxc4 a5 25. a3 Rfe8 26. c5 Qb8 27. d6 Re6 28. Bxa8 Qxa8 29. Qg2 Qa6 30. c6 e4 31. d7 Qb6 32. bxa5 Qc7 33. Qg3 1-0